000 00439nam a22001457a 4500
020 _a978-3-030-26163-4
082 _a627.2
_bELO
100 _aElorz, Jose Antonio Pero-Sanz
245 _aStructural Material :
_bProperties and Selection /
_cJose Antonio Pero-Sanz Elorz
260 _aSwizerland :
_bSpringer,
_c2019.
300 _axii, 372 p :
563 _aPB
700 _aDaniel Fernandez Gonzalez,
_9112494
942 _2ddc
_cBK
999 _c594831
_d594831